| 000 | 00931nam a22001937a 4500 | ||
|---|---|---|---|
| 003 | OSt | ||
| 005 | 20251217161950.0 | ||
| 008 | 251217b |||||||| |||| 00| 0 eng d | ||
| 040 | _cDCL | ||
| 082 | _a၂၉၇.၀၉ | ||
| 100 | _aလစ်(ပ်)မန်း ၊ သောမတ်။ | ||
| 245 | 0 | 0 |
_aအစ္စလာမ်သမိုင်း / _cလစ်(ပ်)မန်း သောမတ် ၊ ပြုစုသူ ကိုကိုလေး။ |
| 260 |
_aရန်ကုန် ၊ _bယဉ်မျိုးစာပေ၊ _c၂၀၁၈။ |
||
| 300 |
_aဃ၊ ၅၆၉ စာမျက်နှာ ၊ _c၂၁ စင်တီ။ |
||
| 500 | _aUnderstanding Islam: An Introduction to The Muslim World by Thomas W. Lippman | ||
| 650 |
_aအစ္စလာမ် _vသမိုင်း |
||
| 700 |
_aကိုကိုလေး။ _eပြုစုသူ |
||
| 942 |
_2ddc _cSHORT TERM _n0 |
||
| 999 |
_c2749 _d2749 |
||